000 00998nmm a2200289 a 4500
001 ocm000884804
003 TR-IsHL
005 20201028143952.0
008 141121s2013 tu tur
007 cr cn
020 _a9789944978958
035 _a884804
_b(N$T)
050 0 4 _aPL248.Ö44
_bB57 2013
090 0 4 _aPL248.Ö44
_bB57 2013
100 1 _aÖmer Seyfettin
245 1 0 _aBir Ermeni gencin hatıra defteri
_h[electronic resource] /
_cÖmer Seyfettin ; ed. Fatih Kerem Yardım, M. Savaş Çolak
260 _aİstanbul :
_bİlgi Kültür Sanat yayıncılık,
_c2013
300 _a124 p.
650 4 _aDil ve Edebiyat
650 4 _aLanguage and Literature
650 0 _aErmeniler
_xTürkiye
_xRoman
650 0 _aArmenians
_xTurkey
_xFiction
650 7 _aLITERARY COLLECTIONS / Middle Eastern
_2bisacsh
700 1 _aYardım, Fatih Kerem
700 1 _aÇolak, M. Savaş
856 4 0 _uhttp://search.ebscohost.com/login.aspx?direct=true&scope=site&db=e011xww&AN=884804
999 _c9182
_d9182